000 00825nam a2200265Ia 4500
001 Para_6794
003 CHAP
008 220125s1968 xx 000 0 und d
010 _a205590
040 _cCHAP
082 _aPA 630.72 C45 1966-67
110 _aCentro de Investigaciones Agrícolas de Sinaloa
_921108
245 _aInvestigación agrícola en Sinaloa :
_b informe de labores 1966-67 /
_c por Centro de Investigaciones Agrícolas de Sinaloa
260 _aMéxico, D.F. :
_b CIAS
300 _a111 p.
650 _aAgricultura
_x investigación
_xSinaloa
_91674
650 _aCultivos
_x Sinaloa
_930326
901 _aPA 630.72 C45 1966-67
902 _aA
905 _a0000001968 a 0000000000 00
910 _a1968
942 _cPARA
942 _cPARA
_d1
999 _c205590
_d205590